header

Analysis, geometry and topology of elliptic operators (Record no. 223265)

MARC details
000 -LEADER
fixed length control field 01590nam a2200373Ia 4500
082 04 - DEWEY DECIMAL CLASSIFICATION NUMBER
Classification number 515/.7242
245 00 - TITLE STATEMENT
Title Analysis, geometry and topology of elliptic operators
260 ## - PUBLICATION, DISTRIBUTION, ETC. (IMPRINT)
Place of publication Singapore ;
-- Hackensack, NJ :
Name of publisher World Scientific,
Year of publication c2006.
300 ## - PHYSICAL DESCRIPTION
Number of Pages xi, 540 p. :
Other physical details ill.
500 ## - GENERAL NOTE
General note "On May 20-22, 2005, a workshop was held at Roskilde University in Denmark to honour Krzysztof P. Wojciechowski on his 50th birthday. This volume collects the papers of that workshop"--P. ix.
650 #0 - SUBJECT ADDED ENTRY--TOPICAL TERM
Topical Term Elliptic operators.
Topical Term Differential equations, Elliptic.
Topical Term Topology.
Topical Term Boundary value problems.
700 1# - ADDED ENTRY--PERSONAL NAME
Personal name Booss, Bernhelm,
Personal name Wojciechowski, Krzysztof P.,
856 40 - ELECTRONIC LOCATION AND ACCESS
Uniform Resource Identifier http://site.ebrary.com/lib/rucke/Doc?id=10201358

No items available.

© 2026 Rongo University
Contact us: librarian | system librarian | Rongo university